| 000 | 00413nam a22001577a 4500 | ||
|---|---|---|---|
| 999 |
_c8017 _d8015 |
||
| 005 | 20220616135605.0 | ||
| 008 | 220616b ||||| |||| 00| 0 eng d | ||
| 020 | _a97815-43346-00-8 | ||
| 041 | _aeng | ||
| 100 |
_aMD. USMAN , DR. MD. RAGEEB AND OTHERS _97306 |
||
| 245 | _aA PRACTICAL MANUAL OF PHARMACOTHERAPEUTICS | ||
| 260 | _bS.VIKAS AND COMPANY | ||
| 300 | _a195 | ||
| 650 |
_aPHARMACY _97307 |
||
| 942 | _cBK | ||